[Event "POR-ch U16"]
[Site "Luso"]
[Date "2017.04.10"]
[Round "4"]
[White "Garcia, Nathalia"]
[Black "Lobo, Pedro"]
[Result "1-0"]
[WhiteElo "1212"]
[BlackElo "1138"]
[PlyCount "65"]
[EventDate "2017.04.08"]
[EventType "swiss"]
[EventRounds "7"]
[EventCountry "POR"]
[SourceTitle "EXT 2018"]
[Source "ChessBase"]
[SourceDate "2017.10.13"]
[SourceVersion "1"]
[SourceVersionDate "2017.10.13"]
[SourceQuality "1"]

1. e4 c5 2. Nc3 Nc6 3. g3 g6 4. Bg2 Bg7 5. d3 Nf6 6. Be3 d6 7. h3 a6 8. Qd2 0-0 9. Bh6 b5 10. Bxg7 Kxg7 11. e5 dxe5 12. Bxc6 Rb8 13. Nge2 b4 14. Nd1 Bd7 15. Bg2 a5 16. 0-0 a4 17. Ne3 Qc8 18. Kh2 Bc6 19. Nc4 Bxg2 20. Kxg2 Qc6+ 21. Kh2 e4 22. Rad1 Rfd8 23. Qe3 b3 24. axb3 axb3 25. cxb3 Qb5 26. dxe4 Rxd1 27. Rxd1 Qxb3 28. Qxb3 Rxb3 29. e5 Ne4 30. Kg2 Rb4 31. Rc1 Kh6 32. Nf4 Kg5 33. f3 1-0

[Event "POR-ch U16"]
[Site "Luso"]
[Date "2017.04.09"]
[Round "3"]
[White "Nunes, Eduardo Tavares"]
[Black "Garcia, Nathalia"]
[Result "1-0"]
[WhiteElo "1475"]
[BlackElo "1212"]
[PlyCount "103"]
[EventDate "2017.04.08"]
[EventType "swiss"]
[EventRounds "7"]
[EventCountry "POR"]
[SourceTitle "EXT 2018"]
[Source "ChessBase"]
[SourceDate "2017.10.13"]
[SourceVersion "1"]
[SourceVersionDate "2017.10.13"]
[SourceQuality "1"]

1. e4 e5 2. Nf3 Nc6 3. d4 exd4 4. Nxd4 Bc5 5. Be3 Qf6 6. c3 Nge7 7. Bc4 Ne5 8. Be2 Qg6 9. Bf3 d6 10. Nb5 Nxf3+ 11. gxf3 0-0 12. Bxc5 dxc5 13. Nxc7 Qg2 14. Ke2 Rb8 15. Qg1 Qxg1 16. Rxg1 a6 17. Nd2 Bd7 18. c4 Rbc8 19. Nd5 Nxd5 20. cxd5 Rfe8 21. Nc4 Bb5 22. b3 f5 23. Ke3 Rcd8 24. Rad1 fxe4 25. fxe4 Kf7 26. a4 Bd7 27. Nd6+ Kf6 28. Nxe8+ Rxe8 29. Rg3 g6 30. Rc1 Bf5 31. f3 Bd7 32. Rxc5 b6 33. Rc7 Ke7 34. Rb7 b5 35. axb5 axb5 36. Rh3 h5 37. Rg3 Rg8 38. Kd4 Ke8 39. Rb8+ Kf7 40. Rxg8 Kxg8 41. Rxg6+ Kf7 42. Rh6 Ke8 43. e5 b4 44. e6 Bxe6 45. dxe6 Ke7 46. Ke5 h4 47. Rh7+ Kf8 48. Kf6 Kg8 49. e7 Kxh7 50. e8Q h3 51. Qg6+ Kh8 52. Qg7# 1-0

[Event "POR-ch U14"]
[Site "Luso"]
[Date "2016.07.23"]
[Round "6"]
[White "Garcia, Nathalia"]
[Black "Lobo, Hugo Miguel Caldas"]
[Result "1/2-1/2"]
[WhiteElo "1216"]
[BlackElo "1404"]
[PlyCount "63"]
[EventDate "2016.07.20"]
[EventType "swiss"]
[EventRounds "7"]
[EventCountry "POR"]
[SourceTitle "EXT 2018"]
[Source "ChessBase"]
[SourceDate "2017.10.13"]
[SourceVersion "1"]
[SourceVersionDate "2017.10.13"]
[SourceQuality "1"]

1. e4 d5 2. exd5 Qxd5 3. Nc3 Qa5 4. d4 c6 5. Bc4 Nf6 6. Bd2 Qc7 7. Nf3 Bg4 8. h3 Bxf3 9. Qxf3 e6 10. 0-0 Nbd7 11. Rfe1 Be7 12. Rad1 0-0 13. Qf4 Qxf4 14. Bxf4 Rac8 15. d5 cxd5 16. Bxd5 Nxd5 17. Nxd5 Bc5 18. Ne3 Nf6 19. c3 h6 20. Bd6 Rfd8 21. Bxc5 Rxd1 22. Rxd1 Rxc5 23. Kf1 Kf8 24. Ke2 Ke7 25. Rd4 Rc7 26. c4 b6 27. b3 a5 28. a4 Ne8 29. Re4 Kf8 30. Rd4 Ke7 31. Nc2 Nd6 32. Na3 1/2-1/2